000 00314nam a2200133Ia 4500
100 _aRao/P.N./ Tewari/ N.K.
942 _cBK
654 _aComputers
245 _aComputers Aided Manufacturing
260 _bTata Mc Graw hill
_aNew Delhi
_c1993
082 _a670.02854
_bRAO/T
300 _a417
546 _aENGLISH
999 _c34274
_d34274